Geography Quiz

Random Geography or State Quiz

Risky Map Clicking: States by Unique Starting Letters Quiz Stats

 Plays Quiz Updated Sep 5, 2016

Score 0/50 Timer 05:00
11 Plays Today
% Correct
???
47.9%
???
47.9%
???
47.8%
???
47.8%
???
47.7%
???
47.6%
???
47.4%
???
47.4%
???
47.3%
???
47.2%
???
47.2%
???
47.2%
???
47.2%
???
47.2%
???
47.1%
???
47.1%
???
47.1%
???
47.1%
???
47%
???
47%
???
46.9%
???
46.8%
???
46.8%
???
46.8%
???
46.7%
% Correct
???
46.7%
???
46.6%
???
46.5%
???
46.5%
???
46.5%
???
46.4%
???
46.3%
???
46.2%
???
46.1%
???
46%
???
46%
???
45.9%
???
45.8%
???
45.8%
???
45.6%
???
45.6%
???
45.6%
???
45.5%
???
45.4%
???
45.4%
???
45.2%
???
45.1%
???
44.9%
???
44.8%
???
44.3%

You're not logged in!

Compare scores with friends on all Sporcle quizzes.
Join for Free
OR
Log In

Show Comments

Extras

Top Quizzes Today


Score Distribution

Your Account Isn't Verified!

In order to create a playlist on Sporcle, you need to verify the email address you used during registration. Go to your Sporcle Settings to finish the process.

Report this User

Report this user for behavior that violates our Community Guidelines.

Details: